Transformation of biomass : (Record no. 355705)
[ view plain ]
| 000 -LEADER | |
|---|---|
| fixed length control field | 02516cam a2200313 i 4500 |
| 001 - CONTROL NUMBER | |
| control field | 18098784 |
| 003 - CONTROL NUMBER IDENTIFIER | |
| control field | Nust- CAS-E |
| 005 - DATE AND TIME OF LATEST TRANSACTION | |
| control field | 20180118181411.0 |
| 008 - FIXED-LENGTH DATA ELEMENTS--GENERAL INFORMATION | |
| fixed length control field | 140401s2014 enka b 001 0 eng |
| 010 ## - LIBRARY OF CONGRESS CONTROL NUMBER | |
| LC control number | 2014004300 |
| 020 ## - INTERNATIONAL STANDARD BOOK NUMBER | |
| International Standard Book Number | 9781119973270 (hardback) |
| 040 ## - CATALOGING SOURCE | |
| Original cataloging agency | DLC |
| Language of cataloging | eng |
| Transcribing agency | DLC |
| Description conventions | rda |
| Modifying agency | DLC |
| 042 ## - AUTHENTICATION CODE | |
| Authentication code | pcc |
| 050 00 - LIBRARY OF CONGRESS CALL NUMBER | |
| Classification number | TP248.B55 |
| Item number | T73 2014 |
| 082 00 - DEWEY DECIMAL CLASSIFICATION NUMBER | |
| Classification number | 662.880. |
| Edition number | 23 |
| Author Mark | 662.880 TRA |
| 084 ## - OTHER CLASSIFICATION NUMBER | |
| Classification number | SCI013000 |
| Number source | bisacsh |
| 245 00 - TITLE STATEMENT | |
| Title | Transformation of biomass : |
| Remainder of title | theory to practice / |
| Statement of responsibility, etc. | editor, Andreas Hornung. |
| 300 ## - PHYSICAL DESCRIPTION | |
| Extent | xviii, 350 pages : |
| Other physical details | illustrations ; |
| Dimensions | 25 cm |
| 502 ## - DISSERTATION NOTE | |
| Dissertation note | 0 |
| 504 ## - BIBLIOGRAPHY, ETC. NOTE | |
| Bibliography, etc. note | Includes bibliographical references and index. |
| 520 ## - SUMMARY, ETC. | |
| Summary, etc. | "Biomass is a key resource for meeting the energy and material demands of mankind in the future. As a result, businesses and technologies are developing around biomass processing and its applications.Transformation of Biomass: Theory to Practice explores the modern applications of biomass and bio-based residues for the generation of energy, heat and chemical products. The first chapter presents readers with a broad overview of biomass and its composition, conversion routes and products. The following chapters deal with specific technologies, including anaerobic digestion, pyrolysis and gasification, as well as hydrothermal and supercritical conversion. Each chapter details current practises, recent developments, business case models and comprehensive analysis of the problems associated with each approach, and how to optimize them.Topics covered include: Anaerobic digestion Reactor design Pyrolysis Catalysis in biomass transformation Engines for combined heat and power Influence of feedstocks on performance and products Bio-hydrogen from biomass Analysis of bio-oils Numerical simulation and formal kinetic parameters evaluation Business case development This textbook will provide students, researchers and industry professionals with a practical and accessible guide to the essential skills required to advance in the field of bioenergy"-- |
| 520 ## - SUMMARY, ETC. | |
| Summary, etc. | "Transformation of Biomass: Theory to Practice explores the modern applications of biomass and bio-based residues for the generation of energy, heat and chemical products"-- |
| 650 #0 - SUBJECT ADDED ENTRY--TOPICAL TERM | |
| Topical term or geographic name entry element | Biomass chemicals. |
| 650 #0 - SUBJECT ADDED ENTRY--TOPICAL TERM | |
| Topical term or geographic name entry element | Biomass. |
| 700 1# - ADDED ENTRY--PERSONAL NAME | |
| Personal name | Hornung, Andreas. |
| 906 ## - LOCAL DATA ELEMENT F, LDF (RLIN) | |
| a | 7 |
| b | cbc |
| c | orignew |
| d | 1 |
| e | ecip |
| f | 20 |
| g | y-gencatlg |
| 942 ## - ADDED ENTRY ELEMENTS (KOHA) | |
| Source of classification or shelving scheme | |
| Koha item type | Book |
| Withdrawn status | Lost status | Source of classification or shelving scheme | Damaged status | Not for loan | Collection code | Permanent Location | Current Location | Shelving location | Date acquired | Source of acquisition | Cost, normal purchase price | Total Checkouts | Full call number | Barcode | Date last seen | Price effective from | Koha item type | Copy number |
|---|---|---|---|---|---|---|---|---|---|---|---|---|---|---|---|---|---|---|
| US-Pakistan Center for Advanced Studies in Energy (USPCAS-E) | US-Pakistan Center for Advanced Studies in Energy (USPCAS-E) | 12/01/2015 | Victoria Co. | 8570.00 | 662.880. 662.880 TRA | CAS-E0000794 | 12/01/2015 | 12/01/2015 | Book | |||||||||
| US-Pakistan Center for Advanced Studies in Energy (USPCAS-E) | US-Pakistan Center for Advanced Studies in Energy (USPCAS-E) | 12/01/2015 | Victoria Co. | 8570.00 | 662.880. 662.880 TRA | CAS-E0000795 | 12/01/2015 | 12/01/2015 | Book | 2 |
